000 00668nam a2200253Ia 4500
005 20260121161333.0
008 008 260114s9999 xx 000 0 eng d
020 _a9781315370095
037 _aEBOOK
040 _aCRL
040 _beng
040 _cCRL
041 _2eng
041 _aeng
084 _qCRL
100 _aRonald Christensen
_91043141
245 0 _aAnalysis of Variance, Design, and Regression : Linear Modeling for Unbalanced Data, Second Edition
260 _bTaylor and Francis
260 _c2016
856 _uhttp://www.taylorfrancis.com/books/9781315370095
942 _cEBOOK
999 _c1609957
_d1609957